| 000 | 01067nam a22002897a 4500 | ||
|---|---|---|---|
| 001 | 9412 | ||
| 003 | FISKH | ||
| 005 | 20260106095335.0 | ||
| 008 | 260106b cb ||||| |||| 00| 0 eng d | ||
| 020 | _a9780142411933 | ||
| 040 |
_aFISKH _beng _cFISKH _dFISKH |
||
| 050 | _aQE861 .K84 | ||
| 082 | _a567.9 | ||
| 100 |
_aKudlinski, Kathleen V. _eAuthor |
||
| 245 |
_aBoy, were we wrong about dinosaurs! / _cKathleen V. Kudlinski ; illustrated by S. D. Schindler |
||
| 260 |
_aNew York : _bDK Publishing , _c2000 |
||
| 300 |
_a26 unnumbered pages : _bcolor illustrations ; _c21 x 26 cm |
||
| 505 | _aR | ||
| 520 | _aExamines what is known about dinosaur bones, behavior, and other characteristics and how different the facts often are from what scientists, from ancient China to the recent past, believed to be true. | ||
| 521 | 8 |
_a750
_bLexile AD |
|
| 521 | 8 |
_aR
_bRaz-Plus |
|
| 650 |
_aDinosaurs & fossils _vArchaeology |
||
| 650 |
_aInformational _vPrehistoric Era |
||
| 700 |
_aSchindler, S. D. _eIllustrator |
||
| 942 |
_2ddc _cBK _n0 |
||
| 999 |
_c9412 _d9412 |
||